[Event "Pion Frigant U1700"]
[Site "Contrecoeur CAN"]
[Date "2023.10.07"]
[Round "2.37"]
[White "Sonko, Babacar"]
[Black "Hebert, Pierre"]
[Result "1/2-1/2"]
[WhiteElo "1581"]
[BlackElo "1399"]
[PlyCount "101"]
[EventDate "2023.10.06"]
[EventType "swiss"]
[EventRounds "5"]
[EventCountry "CAN"]

1. f4 Nf6 2. Nf3 d5 3. e3 Bg4 4. b3 a6 5. Bb2 Nc6 6. Be2 e6 7. O-O Bxf3 8. Bxf3
Bd6 9. d4 g5 10. c4 gxf4 11. c5 Bf8 12. exf4 Qd7 13. Qe1 O-O-O 14. Na3 h5 15.
Rd1 Bh6 16. Bc1 Ne7 17. Qh4 Bg7 18. Nc2 Nf5 19. Qe1 Rdg8 20. Ne3 Ne7 21. Qa5
Nc6 22. Qa4 Ng4 23. h3 Nxe3 24. Bxe3 f5 25. b4 Na7 26. Qb3 Bf6 27. a4 Qg7 28.
b5 Qg3 29. Kh1 Qg7 30. Rf2 Kd7 31. b6 Nc6 32. bxc7 Rc8 33. Qxb7 Rxc7 34. Qxa6
Rb8 35. Rfd2 Ra7 36. Qe2 Rxa4 37. Qf2 h4 38. Rb2 Rab4 39. Rdb1 Rxb2 40. Rxb2
Qh8 41. Qc2 Rxb2 42. Qxb2 Qb8 43. Qa2 Qa7 44. Bxd5 Qxa2 45. Bxa2 Nxd4 46. Bxd4
Bxd4 47. c6+ Kxc6 48. Bxe6 Be3 49. Bxf5 Bxf4 50. Kg1 Bg3 51. Kf1 1/2-1/2

[Event "Pion Frigant U1700"]
[Site "Contrecoeur CAN"]
[Date "2023.10.07"]
[Round "2.38"]
[White "Laperle, Benjamin"]
[Black "Zlotnikov, Jonathan"]
[Result "1-0"]
[WhiteElo "1392"]
[BlackElo "1466"]
[PlyCount "65"]
[EventDate "2023.10.06"]
[EventType "swiss"]
[EventRounds "5"]
[EventCountry "CAN"]

1. e4 c5 2. Nf3 g6 3. c3 d5 4. e5 d4 5. cxd4 cxd4 6. Qa4+ Nc6 7. Bb5 Bd7 8. O-O
a6 9. Bxc6 Bxc6 10. Qxd4 Bxf3 11. Qxd8+ Rxd8 12. gxf3 Bg7 13. Re1 Rd5 14. e6
Nh6 15. Re4 fxe6 16. Rxe6 Kd7 17. Re3 Nf5 18. Rb3 Rb8 19. Nc3 Nd4 20. Nxd5 Nxb3
21. axb3 Kd6 22. Nc3 Rf8 23. Kg2 Kc5 24. Ra4 Bh6 25. Rc4+ Kd6 26. Ne4+ Kd5 27.
d4 Bxc1 28. Rxc1 Kxd4 29. Rc7 Kd3 30. Rxe7 Kc2 31. Rxb7 Kxb2 32. Rxh7 Kxb3 33.
Ra7 1-0

[Event "Pion Frigant U1700"]
[Site "Contrecoeur CAN"]
[Date "2023.10.07"]
[Round "2.39"]
[White "Renaud, Max-Etienne"]
[Black "Bergeron, Jean-Guy"]
[Result "1-0"]
[WhiteElo "1347"]
[BlackElo "1430"]
[PlyCount "45"]
[EventDate "2023.10.06"]
[EventType "swiss"]
[EventRounds "5"]
[EventCountry "CAN"]

1. e4 Nc6 2. Nf3 a6 3. d4 d5 4. exd5 Qxd5 5. Nc3 Qh5 6. Be2 Bg4 7. h3 O-O-O 8.
Ng5 Nf6 9. Bxg4+ Nxg4 10. Qxg4+ Qxg4 11. hxg4 Rxd4 12. Rxh7 Rg8 13. f3 Nb4 14.
Ke2 Nxc2 15. Be3 Rd7 16. Rd1 e6 17. Rxd7 Kxd7 18. Nxf7 Nxe3 19. Kxe3 Bc5+ 20.
Ke4 Ke7 21. Ne5 Bd6 22. f4 Ke8 23. g5 1-0

[Event "Pion Frigant U1700"]
[Site "Contrecoeur CAN"]
[Date "2023.10.07"]
[Round "2.40"]
[White "Bouchard, Alexandre"]
[Black "St-Laurent, Luc"]
[Result "1-0"]
[WhiteElo "1420"]
[BlackElo "1315"]
[PlyCount "185"]
[EventDate "2023.10.06"]
[EventType "swiss"]
[EventRounds "5"]
[EventCountry "CAN"]

1. d4 d5 2. Nf3 Nf6 3. c4 e6 4. cxd5 exd5 5. Nc3 c6 6. Bg5 h6 7. Bh4 Be7 8. e3
Bf5 9. Bd3 Bxd3 10. Qxd3 O-O 11. O-O Re8 12. Rab1 g5 13. Bg3 a5 14. Rfc1 Nbd7
15. Qf5 Nf8 16. Ne5 Qc8 17. Qd3 Nh5 18. Nxd5 Qd8 19. Nxe7+ Rxe7 20. Ng4 Kg7 21.
Qc3 f6 22. Rd1 Qd5 23. a3 Nxg3 24. hxg3 h5 25. Nh2 Ne6 26. Nf3 Rh8 27. Nd2 h4
28. gxh4 Rxh4 29. Qc4 Qd6 30. g3 Rh6 31. Ne4 Qd7 32. d5 Nc7 33. Nxg5 fxg5 34.
Qd4+ Kf8 35. d6 Reh7 36. dxc7 Rh1+ 37. Kg2 Qh3+ 38. Kf3 Rf7+ 39. Ke2 Rh2 40.
Qd8+ Kg7 41. Qxg5+ Kh7 42. Rf1 Rxc7 43. Rbd1 Rg7 44. Qf4 Qh5+ 45. Ke1 Re7 46.
Rd8 Qc5 47. Qd4 Qc1+ 48. Ke2 Qc2+ 49. Qd2 Qc4+ 50. Qd3+ Qxd3+ 51. Rxd3 Rf7 52.
Rd4 Rh5 53. Rh4 Rxh4 54. gxh4 Rg7 55. Rh1 Kh6 56. Rh2 a4 57. f3 Rd7 58. e4 c5
59. Ke3 Rd1 60. Kf4 Rg1 61. Rd2 b6 62. e5 Rh1 63. Kf5 Rxh4 64. f4 Kg7 65. Rg2+
Kf7 66. e6+ Kf8 67. Kf6 Rxf4+ 68. Ke5 Rh4 69. Rf2+ Ke8 70. Kd6 Rh6 71. Re2 c4
72. Kc6 Ke7 73. Kxb6 Rh5 74. Rc2 c3 75. Rxc3 Kxe6 76. Rc4 Rh2 77. Rb4 Kd6 78.
Kb5 Rh5+ 79. Kxa4 Rh8 80. Rb5 Rh4+ 81. b4 Kc6 82. Ka5 Rh8 83. Rb6+ Kc7 84. b5
Rh4 85. Rc6+ Kb7 86. a4 Rh5 87. Rg6 Rh7 88. Rb6+ Ka7 89. Ra6+ Kb7 90. Rc6 Rh5
91. Kb4 Rh4+ 92. Rc4 Rh8 93. a5 1-0

[Event "Pion Frigant U1700"]
[Site "Contrecoeur CAN"]
[Date "2023.10.07"]
[Round "2.41"]
[White "Perron, Bernard"]
[Black "Blouin, Francois"]
[Result "0-1"]
[WhiteElo "1075"]
[BlackElo "1417"]
[PlyCount "124"]
[EventDate "2023.10.06"]
[EventType "swiss"]
[EventRounds "5"]
[EventCountry "CAN"]

1. e4 c5 2. Nf3 e6 3. Nc3 d5 4. exd5 exd5 5. d4 c4 6. Be2 Nf6 7. h3 Bb4 8. Bd2
Ba5 9. O-O O-O 10. Bg5 h6 11. Bxf6 Qxf6 12. Nxd5 Qa6 13. Ne7+ Kh8 14. Nxc8 Rxc8
15. c3 Nd7 16. Qc2 Bd8 17. Qf5 Qe6 18. Qxe6 fxe6 19. Rad1 Nf6 20. Ne5 b5 21.
Bf3 Rab8 22. Nc6 Rb6 23. Nxd8 Rxd8 24. Rfe1 Kg8 25. Re2 Nd5 26. g3 b4 27. Bxd5
Rxd5 28. Rde1 bxc3 29. bxc3 Kf7 30. Kg2 Ra5 31. Rd2 Rd5 32. Re5 a5 33. f4 a4
34. Kf3 g6 35. Ke4 Rbb5 36. Rxd5 exd5+ 37. Ke5 a3 38. Rd1 Rb2 39. Ra1 Rc2 40.
Rb1 Rxa2 41. Rb7+ Ke8 42. Kd6 Rb2 43. Re7+ Kd8 44. Ra7 Kc8 45. Ra8+ Kb7 46.
Rxa3 Rb3 47. Ra5 Rxc3 48. Rb5+ Ka6 49. Kc6 Rb3 50. Rxd5 Rb6+ 51. Kc5 c3 52. Re5
Rb5+ 53. Kc4 Rxe5 54. Kxc3 Re3+ 55. Kc4 Rxg3 56. d5 Kb7 57. Kd4 Rxh3 58. Ke5
Rg3 59. Ke6 Kc8 60. Kf6 h5 61. Ke7 h4 62. d6 Re3+ 0-1

[Event "Pion Frigant U1700"]
[Site "Contrecoeur CAN"]
[Date "2023.10.07"]
[Round "3.25"]
[White "Wu, Ting En Ryan"]
[Black "Remy-Chynchuck, Lindel"]
[Result "1/2-1/2"]
[WhiteElo "1529"]
[BlackElo "1679"]
[PlyCount "117"]
[EventDate "2023.10.06"]
[EventType "swiss"]
[EventRounds "5"]
[EventCountry "CAN"]

1. e4 c6 2. d4 d5 3. exd5 cxd5 4. Nf3 Nf6 5. Bd3 Nc6 6. Bf4 Bg4 7. c3 Qb6 8. b4
e6 9. Nbd2 Be7 10. O-O O-O 11. a4 Nh5 12. a5 Qd8 13. Be3 Nf6 14. Qa4 a6 15. Ne5
Nxe5 16. dxe5 Nd7 17. f4 Rc8 18. Rac1 Nb8 19. Nb3 Nc6 20. Nd4 Nxd4 21. Bxd4 Bf5
22. Bxf5 exf5 23. Rfd1 Rc4 24. Be3 Qc7 25. Qb3 Qc6 26. Rd4 h6 27. Rxc4 dxc4 28.
Qc2 g6 29. Rd1 Rd8 30. Rxd8+ Bxd8 31. Qd2 Be7 32. Qd4 Kf8 33. Kf2 f6 34. exf6
Bxf6 35. Qd2 Kf7 36. Bc5 Ke6 37. Bd4 Qd5 38. Qe2+ Kf7 39. Bxf6 Kxf6 40. Qe3 g5
41. g3 g4 42. Qb6+ Kg7 43. Qe3 Kf7 44. Qe2 Qe6 45. Qxe6+ Kxe6 46. Ke2 Kd5 47.
Ke3 h5 48. Kd2 Ke4 49. Ke2 h4 50. gxh4 Kxf4 51. Kf2 Ke4 52. h5 Ke5 53. h6 Kf6
54. Kg3 Kg6 55. Kf4 Kxh6 56. Kxf5 Kh5 57. Kf4 Kh4 58. Kf5 Kh3 59. Kf4 1/2-1/2

[Event "Pion Frigant U1700"]
[Site "Contrecoeur CAN"]
[Date "2023.10.07"]
[Round "3.26"]
[White "Mai, Tue-Chan"]
[Black "Laporte, Michel"]
[Result "1-0"]
[WhiteElo "1616"]
[BlackElo "1517"]
[PlyCount "44"]
[EventDate "2023.10.06"]
[EventType "swiss"]
[EventRounds "5"]
[EventCountry "CAN"]

1. d4 d6 2. e4 g6 3. Nc3 Bg7 4. Be3 e6 5. Qd2 Ne7 6. O-O-O O-O 7. Bh6 Nd7 8. h4
Bxh6 9. Qxh6 Kh8 10. h5 Ng8 11. Qe3 g5 12. e5 d5 13. Nh3 h6 14. f4 g4 15. Nf2
f5 16. exf6 Ndxf6 17. Be2 Qe8 18. Nxg4 Nxh5 19. Qe5+ Nhf6 20. Nxf6 Nxf6 21.
Rxh6+ Kg7 22. Qg5+ Kf7 1-0

[Event "Pion Frigant U1700"]
[Site "Contrecoeur CAN"]
[Date "2023.10.07"]
[Round "3.27"]
[White "Masse, Etienne"]
[Black "Chen, Chen"]
[Result "1-0"]
[WhiteElo "1446"]
[BlackElo "1544"]
[PlyCount "113"]
[EventDate "2023.10.06"]
[EventType "swiss"]
[EventRounds "5"]
[EventCountry "CAN"]

1. e4 e5 2. Nf3 Nc6 3. Nc3 Nf6 4. d4 exd4 5. Nd5 d6 6. Nxd4 Bd7 7. Bc4 Ne5 8.
Nxf6+ Qxf6 9. Bd5 c6 10. Bb3 Qg6 11. Kf1 Qxe4 12. c3 c5 13. Qe2 Qd3 14. Bc2
Qxe2+ 15. Nxe2 Bb5 16. b3 O-O-O 17. c4 Bc6 18. Bf4 Be7 19. Rd1 Bf6 20. f3 Rhe8
21. Kf2 b6 22. Rhe1 h6 23. Ng3 d5 24. cxd5 Bxd5 25. Bf5+ Kc7 26. Ne4 Bxe4 27.
Bxe4 g5 28. Bg3 Kc8 29. Bf5+ Kb7 30. Rxd8 Ng4+ 31. fxg4 Rxd8 32. Be4+ Ka6 33.
Kf3 Rd2 34. Re2 Rd1 35. Bf2 Rc1 36. Bd3+ Kb7 37. Bc4 Rc3+ 38. Ke4 Rc1 39. Bxf7
Rd1 40. Kf5 Bc3 41. Bg3 Bd4 42. Kg6 Rf1 43. Bd5+ Kc8 44. Kxh6 a5 45. Kxg5 a4
46. bxa4 Bf6+ 47. Kg6 c4 48. Bxc4 b5 49. Re8+ Bd8 50. Bxf1 bxa4 51. Bh4 a3 52.
Rxd8+ Kb7 53. Rd6 Kb8 54. Rd7 Ka8 55. Be1 Kb8 56. h4 Ka8 57. h5 1-0

[Event "Pion Frigant U1700"]
[Site "Contrecoeur CAN"]
[Date "2023.10.07"]
[Round "3.28"]
[White "Sun, Jonathan"]
[Black "Hu, Richard"]
[Result "1-0"]
[WhiteElo "1358"]
[BlackElo "1531"]
[PlyCount "85"]
[EventDate "2023.10.06"]
[EventType "swiss"]
[EventRounds "5"]
[EventCountry "CAN"]

1. e4 c5 2. Nf3 d6 3. Bb5+ Bd7 4. Bxd7+ Nxd7 5. d4 cxd4 6. Nxd4 Ngf6 7. Nc3 g6
8. O-O Bg7 9. f4 O-O 10. Re1 Nb6 11. e5 dxe5 12. fxe5 Nfd5 13. e6 Nc7 14. exf7+
Rxf7 15. Nf3 h6 16. Be3 Nbd5 17. Nxd5 Nxd5 18. Bd4 Nb6 19. Bxg7 Kxg7 20. Qd4+
Qxd4+ 21. Nxd4 g5 22. Re6 Rd8 23. c3 Nc8 24. Rae1 Rd6 25. g4 Rxe6 26. Rxe6 Nd6
27. Nf5+ Nxf5 28. gxf5 Rxf5 29. Rxe7+ Rf7 30. Rxf7+ Kxf7 31. Kf2 Ke6 32. c4 Ke5
33. b4 Kd4 34. c5 a5 35. bxa5 Kxc5 36. Kf3 Kd5 37. Kg4 Ke4 38. Kh5 Kf4 39. Kxh6
Kg4 40. Kg6 Kh4 41. Kf5 g4 42. Kf4 Kh3 43. Kg5 1-0

[Event "Pion Frigant U1700"]
[Site "Contrecoeur CAN"]
[Date "2023.10.07"]
[Round "3.29"]
[White "Tang-Han, Sean"]
[Black "Matte, Jean-Michel"]
[Result "1-0"]
[WhiteElo "1280"]
[BlackElo "1410"]
[PlyCount "115"]
[EventDate "2023.10.06"]
[EventType "swiss"]
[EventRounds "5"]
[EventCountry "CAN"]

1. e4 e5 2. Nf3 Nf6 3. Nxe5 d6 4. Nf3 Nxe4 5. Qe2 Qe7 6. d3 Nf6 7. Nc3 Nc6 8.
Bg5 Qxe2+ 9. Bxe2 Be7 10. Bxf6 Bxf6 11. Nd5 Bd8 12. O-O Be6 13. Nc3 Bf6 14. Ne4
Be7 15. d4 O-O 16. Rad1 Bf5 17. Ng3 Bg6 18. Rfe1 Rfe8 19. Bb5 a6 20. Ba4 b5 21.
Bb3 Na5 22. Bd5 c6 23. Be4 Bxe4 24. Rxe4 Bf6 25. b3 Rxe4 26. Nxe4 d5 27. Nxf6+
gxf6 28. Re1 Kf8 29. h4 Re8 30. Kh2 Rxe1 31. Nxe1 Nb7 32. Nd3 Nd6 33. Nb4 Nf5
34. Nxc6 Nxh4 35. Nb4 Nf5 36. c3 a5 37. Nxd5 Kg7 38. a3 Nd6 39. f3 a4 40. bxa4
bxa4 41. Nb6 Nb5 42. Nxa4 Nxa3 43. g4 Nb5 44. Kg3 Kg6 45. f4 f5 46. g5 h6 47.
gxh6 Kxh6 48. Kh4 Kg6 49. d5 f6 50. c4 Nc7 51. d6 Ne6 52. c5 Nd8 53. Nb6 Kf7
54. Kh5 Ke6 55. Kg6 Nc6 56. d7 Ke7 57. Kxf5 Nd8 58. Ke4 1-0

[Event "Pion Frigant U1700"]
[Site "Contrecoeur CAN"]
[Date "2023.10.07"]
[Round "3.30"]
[White "Poulin, Richard"]
[Black "Mourad, Michel"]
[Result "0-1"]
[WhiteElo "1405"]
[BlackElo "1591"]
[PlyCount "114"]
[EventDate "2023.10.06"]
[EventType "swiss"]
[EventRounds "5"]
[EventCountry "CAN"]

1. e4 e5 2. Nf3 Nf6 3. Nxe5 d6 4. Nf3 Nxe4 5. Nc3 Nxc3 6. dxc3 Be7 7. Be3 Bg4
8. Be2 Nc6 9. Qd2 Qd7 10. O-O-O O-O-O 11. h3 Bh5 12. Ne5 Nxe5 13. Bxh5 Nc4 14.
Qd5 Nxe3 15. fxe3 g6 16. Bf3 c6 17. Qxf7 Rdf8 18. Qxf8+ Rxf8 19. Bg4 Rf5 20. e4
h5 21. exf5 hxg4 22. fxg6 gxh3 23. gxh3 Bf8 24. h4 Qg4 25. h5 Kc7 26. Rdg1 Bh6+
27. Kb1 Qd7 28. Rf1 Kb6 29. Rf7 Qg4 30. Rff1 Qg5 31. Rfg1 Qd5 32. Rd1 Qc5 33.
Rd4 d5 34. Rb4+ Kc7 35. Rd4 a5 36. Rf1 Qb5 37. Rd3 Kb6 38. Rh1 Qc5 39. a3 Qf2
40. Rdh3 d4 41. cxd4 Qxd4 42. Rd3 Qf6 43. Rhh3 Qg5 44. Rh1 Ka6 45. Rdd1 Bg7 46.
Rdf1 Bh6 47. Rd1 Qe5 48. Rde1 Qb5 49. Re7 Qg5 50. Ree1 b5 51. Reg1 Qe5 52. Re1
Qc7 53. Ref1 b4 54. axb4 axb4 55. Rf7 Qg3 56. Rh7 b3 57. cxb3 Qxb3 0-1

[Event "Pion Frigant U1700"]
[Site "Contrecoeur CAN"]
[Date "2023.10.07"]
[Round "3.31"]
[White "Beland, Stephane"]
[Black "Breton, Jules"]
[Result "1-0"]
[WhiteElo "1585"]
[BlackElo "1399"]
[PlyCount "97"]
[EventDate "2023.10.06"]
[EventType "swiss"]
[EventRounds "5"]
[EventCountry "CAN"]

1. Nf3 d5 2. c4 e6 3. g3 Nf6 4. Bg2 c6 5. Qc2 h6 6. O-O Be7 7. b3 O-O 8. Bb2
Nbd7 9. d3 Re8 10. Nbd2 Bf8 11. Rfd1 Qc7 12. Nf1 Bd6 13. a3 c5 14. e3 Rb8 15.
Qc3 Bf8 16. Rac1 b6 17. N1d2 Bb7 18. d4 Ne4 19. Nxe4 dxe4 20. Nd2 f5 21. f3 Nf6
22. fxe4 fxe4 23. Qc2 Ng4 24. Re1 Nf6 25. Nxe4 Nh7 26. Rf1 Be7 27. Rf2 Rf8 28.
Rcf1 Rxf2 29. Rxf2 Rf8 30. Rxf8+ Nxf8 31. dxc5 Nh7 32. cxb6 axb6 33. Qc3 Nf6
34. Nxf6+ Bxf6 35. Qc2 Bxg2 36. Qxg2 Qd8 37. Bxf6 gxf6 38. Qc2 Qb8 39. a4 Qa8
40. b4 Qa7 41. c5 Qc7 42. c6 f5 43. Qc3 Kf7 44. a5 bxa5 45. bxa5 f4 46. gxf4
Qb8 47. c7 Qc8 48. Qc6 Ke7 49. a6 1-0

[Event "Pion Frigant U1700"]
[Site "Contrecoeur CAN"]
[Date "2023.10.07"]
[Round "3.32"]
[White "Morais, Antoine"]
[Black "Laperle, Benjamin"]
[Result "0-1"]
[WhiteElo "1531"]
[BlackElo "1392"]
[PlyCount "164"]
[EventDate "2023.10.06"]
[EventType "swiss"]
[EventRounds "5"]
[EventCountry "CAN"]

1. e4 c5 2. Nf3 Nc6 3. d4 cxd4 4. Nxd4 g6 5. c4 Bg7 6. Be3 Nf6 7. Nc3 Ng4 8.
Qxg4 Nxd4 9. Qd1 Ne6 10. Be2 d6 11. O-O O-O 12. Qd2 b6 13. Rac1 Bb7 14. f3 Rc8
15. b4 Qd7 16. Kh1 Rfd8 17. Rc2 Ba6 18. Nd5 Nc7 19. Nc3 Ne8 20. Nb5 Bxb5 21.
cxb5 Rxc2 22. Qxc2 Rc8 23. Qb1 Nc7 24. a4 Ne6 25. a5 Bd4 26. Qd3 Rc3 27. Qd2
Rxe3 28. Rc1 Ra3 29. h4 Ra1 30. Kh2 Rxc1 31. Qxc1 Qc7 32. Qc6 Qxc6 33. bxc6
bxa5 34. bxa5 Nc7 35. Kh3 h5 36. g4 hxg4+ 37. fxg4 a6 38. h5 gxh5 39. gxh5 Kg7
40. Kg4 Bc3 41. Bc4 e6 42. Kg5 Bd2+ 43. Kg4 Bxa5 44. Kg5 Bd2+ 45. Kg4 a5 46.
Kf3 Kh6 47. Kg4 a4 48. Kh4 a3 49. Kg4 Kg7 50. Kf3 Kf6 51. Ke2 Bh6 52. Kd3 Kg5
53. Kc3 Kxh5 54. Kb4 Bd2+ 55. Kxa3 Kg5 56. Kb3 Kf4 57. Kc2 Ba5 58. Kd3 Ke5 59.
Bb3 f5 60. exf5 Kxf5 61. Ke3 Ke5 62. Kd3 Nd5 63. Ba4 Nc7 64. Bb3 d5 65. Ba4 Kd6
66. Kd4 e5+ 67. Kd3 Kc5 68. Ke3 Nb5 69. Bb3 Kxc6 70. Kd3 Kc5 71. Bd1 Bd8 72.
Bf3 Nd6 73. Bg2 Bg5 74. Kc3 Bh6 75. Bh3 d4+ 76. Kc2 e4 77. Bf1 Nc4 78. Be2 Ne3+
79. Kb3 Nd5 80. Bf1 d3 81. Bh3 Kd4 82. Bg4 e3 0-1

[Event "Pion Frigant U1700"]
[Site "Contrecoeur CAN"]
[Date "2023.10.07"]
[Round "3.33"]
[White "Lamontagne, Damien"]
[Black "Gagnon, Derek"]
[Result "1/2-1/2"]
[WhiteElo "1362"]
[BlackElo "1506"]
[PlyCount "138"]
[EventDate "2023.10.06"]
[EventType "swiss"]
[EventRounds "5"]
[EventCountry "CAN"]

1. e4 c5 2. Nf3 d6 3. d4 cxd4 4. Nxd4 Nf6 5. Nc3 a6 6. Be3 e5 7. Nb3 Be6 8. Nd5
Nxd5 9. exd5 Bf5 10. Bd3 Bxd3 11. Qxd3 Be7 12. O-O Bg5 13. Bxg5 Qxg5 14. f4 Qg6
15. f5 Qf6 16. Nd2 Nd7 17. Ne4 Qe7 18. Qg3 O-O-O 19. c4 Nf6 20. Qe3 Qc7 21.
Rac1 Nxe4 22. Qxe4 Qb6+ 23. Rf2 f6 24. Kf1 Kb8 25. a3 a5 26. Qe1 a4 27. Qc3 Rc8
28. Qb4 Qa6 29. Ke1 Rc5 30. Rfc2 Rhc8 31. Kf2 g6 32. g4 Qa5 33. Qxa5 Rxa5 34.
Rc3 Rac5 35. R1c2 Ka7 36. Kf3 g5 37. Ke4 Ka6 38. Rh3 Rxc4+ 39. Rxc4 Rxc4+ 40.
Kf3 Rc7 41. Rh6 Rf7 42. Ke4 b5 43. h4 gxh4 44. Rxh4 Rg7 45. Kf3 Kb6 46. Rh6 Rf7
47. g5 fxg5 48. Rxd6+ Kc5 49. Rd8 Rxf5+ 50. Ke4 Rf2 51. Kxe5 Re2+ 52. Kf5 Rxb2
53. d6 Rd2 54. Rc8+ Kb6 55. Ke6 Re2+ 56. Kd7 g4 57. Rc6+ Ka5 58. Kc7 g3 59. d7
Re7 60. Rc3 b4 61. Rc5+ Ka6 62. axb4 Rxd7+ 63. Kxd7 Kb6 64. Kd6 h6 65. Rc1 a3
66. Kd5 a2 67. Ke4 Kb5 68. Kf3 Kxb4 69. Kxg3 Kb3 1/2-1/2

[Event "Pion Frigant U1700"]
[Site "Contrecoeur CAN"]
[Date "2023.10.07"]
[Round "3.34"]
[White "Dufresne, Maxime"]
[Black "Hake, Dylan"]
[Result "1-0"]
[WhiteElo "1458"]
[BlackElo "1289"]
[PlyCount "67"]
[EventDate "2023.10.06"]
[EventType "swiss"]
[EventRounds "5"]
[EventCountry "CAN"]

1. d4 Nf6 2. Nf3 d5 3. g3 e6 4. Bg2 c5 5. O-O Nc6 6. e3 Be7 7. c3 O-O 8. Nbd2
cxd4 9. exd4 b5 10. Re1 Rb8 11. b3 a5 12. Rb1 Ba6 13. Bf1 Qb6 14. Ne5 Nxe5 15.
dxe5 Nd7 16. Nf3 b4 17. c4 dxc4 18. Qxd7 Bc5 19. Qd2 Rfd8 20. Qc2 Rbc8 21. Bxc4
Bb7 22. Kg2 h6 23. Qe2 g5 24. h3 Be7 25. Be3 Qc6 26. Red1 h5 27. g4 hxg4 28.
hxg4 Kg7 29. Kg3 Rxd1 30. Rxd1 Rh8 31. Rg1 Qe4 32. Bxg5 Qxf3+ 33. Qxf3 Bxf3 34.
Bxe6 1-0

[Event "Pion Frigant U1700"]
[Site "Contrecoeur CAN"]
[Date "2023.10.07"]
[Round "3.35"]
[White "Blouin, Francois"]
[Black "Nguyen, Danny"]
[Result "1/2-1/2"]
[WhiteElo "1417"]
[BlackElo "1426"]
[PlyCount "97"]
[EventDate "2023.10.06"]
[EventType "swiss"]
[EventRounds "5"]
[EventCountry "CAN"]

1. e4 c6 2. d4 d5 3. e5 c5 4. c3 Nc6 5. Nf3 cxd4 6. cxd4 Bg4 7. Be2 e6 8. O-O
Nge7 9. h3 Bxf3 10. Bxf3 Nf5 11. Be3 Qb6 12. Bg4 Nfxd4 13. Kh1 Qxb2 14. Nd2 Qc2
15. Nb3 Qxd1 16. Rfxd1 Nc2 17. Rac1 Nxe3 18. fxe3 Nxe5 19. Nd4 Nxg4 20. hxg4
Bd6 21. e4 dxe4 22. Nxe6 fxe6 23. Rxd6 Ke7 24. Rd4 Rac8 25. Rb1 Rc7 26. Rxe4
Rhc8 27. Kh2 a6 28. a4 Rb8 29. Rf1 Rcc8 30. Rfe1 Rc6 31. Rf1 Rf8 32. Rb1 Rb8
33. Rf1 g5 34. Rb1 b5 35. axb5 axb5 36. Re5 h6 37. Rexb5 Rxb5 38. Rxb5 Rc4 39.
Kh3 Rc3+ 40. g3 Kd6 41. Rb8 e5 42. Rh8 e4 43. Rxh6+ Kd5 44. Rg6 e3 45. Rxg5+
Ke4 46. Rg8 Kf3 47. Rf8+ Ke2 48. g5 Rc2 49. Rd8 1/2-1/2

[Event "Pion Frigant U1700"]
[Site "Contrecoeur CAN"]
[Date "2023.10.07"]
[Round "3.36"]
[White "Bouchard, Alexandre"]
[Black "Roy, Nicholas"]
[Result "1-0"]
[WhiteElo "1420"]
[BlackElo "997"]
[PlyCount "67"]
[EventDate "2023.10.06"]
[EventType "swiss"]
[EventRounds "5"]
[EventCountry "CAN"]

1. d4 d5 2. Nf3 Nf6 3. c4 e6 4. Bg5 Nbd7 5. e3 c5 6. cxd5 exd5 7. Nc3 Be7 8.
Bd3 h6 9. Bh4 c4 10. Bc2 O-O 11. O-O Nb6 12. Ne5 h5 13. Bxf6 Bxf6 14. Qxh5 g6
15. Nxg6 fxg6 16. Qxg6+ Bg7 17. Qh7+ Kf7 18. Bg6+ Kf6 19. e4 Rh8 20. e5+ Ke6
21. Qxg7 Qf8 22. Qxf8 Rxf8 23. f4 Ke7 24. f5 Bd7 25. Rae1 Rg8 26. f6+ Kf8 27.
Bf5 Rg5 28. Bxd7 Nxd7 29. e6 Nxf6 30. Rxf6+ Ke7 31. Rf7+ Ke8 32. Nb5 Rc8 33.
Nd6+ Kd8 34. Rd7# 1-0

[Event "Pion Frigant U1700"]
[Site "Contrecoeur CAN"]
[Date "2023.10.07"]
[Round "3.37"]
[White "Fallet, Maurice"]
[Black "Renaud, Max-Etienne"]
[Result "1/2-1/2"]
[WhiteElo "1348"]
[BlackElo "1347"]
[PlyCount "66"]
[EventDate "2023.10.06"]
[EventType "swiss"]
[EventRounds "5"]
[EventCountry "CAN"]

1. d4 Nf6 2. c4 g6 3. Nc3 Bg7 4. e4 d6 5. f3 O-O 6. Be3 e5 7. d5 Nh5 8. Qd2
Qh4+ 9. Bf2 Qf4 10. Qxf4 Nxf4 11. g3 Nh5 12. Bh3 Bh6 13. Bxc8 Rxc8 14. Nge2 Nd7
15. O-O a6 16. Rad1 b6 17. a3 f5 18. b4 Nhf6 19. Be1 f4 20. g4 Bf8 21. Bf2 h5
22. h3 Kf7 23. Kg2 Be7 24. Ra1 hxg4 25. hxg4 Nh7 26. Rh1 Rh8 27. Rh2 Ng5 28.
Rah1 Rxh2+ 29. Rxh2 Bf6 30. Ng1 Rh8 31. Rxh8 Bxh8 32. Bh4 Bf6 33. Bxg5 Bxg5
1/2-1/2

[Event "Pion Frigant U1700"]
[Site "Contrecoeur CAN"]
[Date "2023.10.07"]
[Round "3.38"]
[White "Zhao, Alex"]
[Black "Sonko, Babacar"]
[Result "1-0"]
[WhiteElo "1197"]
[BlackElo "1581"]
[PlyCount "150"]
[EventDate "2023.10.06"]
[EventType "swiss"]
[EventRounds "5"]
[EventCountry "CAN"]

1. e4 e5 2. Nf3 Nc6 3. Nc3 Nf6 4. Bb5 a6 5. Bxc6 dxc6 6. h3 Bc5 7. d3 Qe7 8.
O-O Bd7 9. Kh1 h6 10. Nd2 g5 11. Nc4 g4 12. h4 O-O-O 13. g3 Nh5 14. Be3 f5 15.
Bxc5 Qxc5 16. exf5 Bxf5 17. Ne3 Be6 18. Kh2 Nf6 19. Qe2 h5 20. a3 Rd7 21. Rad1
Rhd8 22. Rfe1 Rf7 23. Rd2 Rdf8 24. Kg1 b5 25. Ned1 Bd5 26. Nxd5 cxd5 27. Qxe5
Kb8 28. Qc3 Qd6 29. Qd4 Kb7 30. b4 c6 31. Qe5 Qd8 32. Re3 Qd7 33. Qd4 Ne8 34.
Kg2 Nd6 35. Re5 Nf5 36. Qc5 Rf6 37. Rde2 Qf7 38. Re7+ Nxe7 39. Rxe7+ Qxe7 40.
Qxe7+ Kb6 41. Qh7 Rf5 42. Kf1 Re5 43. d4 Ref5 44. Ke2 R8f7 45. Qg8 Rf8 46. Qe6
R8f6 47. Qe7 Rf7 48. Qd6 Kb7 49. Kd2 R5f6 50. Qc5 Rf3 51. c3 R3f5 52. Kc2 Rf3
53. a4 bxa4 54. Qa5 a3 55. Qxa3 Re7 56. Kd2 Ref7 57. Qa5 R3f5 58. Qc5 Rf3 59.
c4 R3f5 60. Ne3 Rxf2+ 61. Kd3 dxc4+ 62. Qxc4 R7f3 63. Qc5 Ra2 64. Qe7+ Kb6 65.
Kc4 Re2 66. d5 Rfxe3 67. Qc5+ Kc7 68. Qxc6+ Kb8 69. Qb6+ Kc8 70. Qxa6+ Kd7 71.
Qc6+ Kd8 72. Kc5 Re4 73. b5 R4e3 74. d6 Re6 75. Kb6 R2e5 1-0

[Event "Pion Frigant U1700"]
[Site "Contrecoeur CAN"]
[Date "2023.10.07"]
[Round "3.39"]
[White "Touzani, Romayssae"]
[Black "Bergeron, Jean-Guy"]
[Result "0-1"]
[WhiteElo "1563"]
[BlackElo "1430"]
[PlyCount "56"]
[EventDate "2023.10.06"]
[EventType "swiss"]
[EventRounds "5"]
[EventCountry "CAN"]

1. d4 Nc6 2. Bf4 d5 3. Nf3 Nf6 4. e3 Bg4 5. Be2 Bxf3 6. Bxf3 e6 7. O-O Bd6 8.
Bg5 h6 9. Bxf6 Qxf6 10. Nd2 Qh4 11. g3 Qg5 12. Bg2 O-O-O 13. c3 h5 14. h4 Qh6
15. Nf3 f6 16. Bh3 f5 17. Ng5 Qg6 18. Qc2 Be7 19. Nf3 Qh6 20. c4 g5 21. hxg5
Bxg5 22. Nxg5 Qxg5 23. cxd5 Rxd5 24. Bg2 Rd6 25. Qe2 h4 26. Qf3 h3 27. Bh1 h2+
28. Kg2 Qh6 0-1

[Event "Pion Frigant U1700"]
[Site "Contrecoeur CAN"]
[Date "2023.10.07"]
[Round "3.40"]
[White "Zlotnikov, Jonathan"]
[Black "Perron, Bernard"]
[Result "1-0"]
[WhiteElo "1466"]
[BlackElo "1075"]
[PlyCount "56"]
[EventDate "2023.10.06"]
[EventType "swiss"]
[EventRounds "5"]
[EventCountry "CAN"]

1. e4 e6 2. d4 d5 3. e5 Nc6 4. Nf3 Bd7 5. c4 Bb4+ 6. Nc3 Bxc3+ 7. bxc3 dxc4 8.
Bxc4 a6 9. O-O h6 10. Nd2 Nge7 11. Ne4 b6 12. Re1 Nf5 13. Qf3 Na5 14. Bd3 Bb5
15. Bxb5+ axb5 16. Ng3 Qd7 17. Qxa8+ Qd8 18. Qxd8+ Kxd8 19. Nxf5 exf5 20. a4
Nb3 21. Ra3 bxa4 22. Rxa4 Kd7 23. d5 Nc5 24. Rd4 Re8 25. f3 h5 26. Ba3 Nb3 27.
Ra4 Na5 28. f4 Nc4 1-0

[Event "Pion Frigant U1700"]
[Site "Contrecoeur CAN"]
[Date "2023.10.08"]
[Round "4.25"]
[White "Masse, Etienne"]
[Black "Mai, Tue-Chan"]
[Result "1-0"]
[WhiteElo "1446"]
[BlackElo "1616"]
[PlyCount "105"]
[EventDate "2023.10.06"]
[EventType "swiss"]
[EventRounds "5"]
[EventCountry "CAN"]

1. e4 Nf6 2. e5 Nd5 3. Nc3 Nxc3 4. dxc3 d5 5. f4 Bf5 6. Bd3 Bxd3 7. Qxd3 c6 8.
Be3 e6 9. Nf3 Nd7 10. O-O-O Qa5 11. Kb1 Nb6 12. f5 exf5 13. Qxf5 Be7 14. e6 f6
15. g4 g6 16. Qd3 Nc4 17. Rc1 Qc7 18. g5 Ne5 19. Qe2 Qd6 20. gxf6 Bxf6 21. Bf4
Qxe6 22. Nxe5 O-O 23. Qg4 Qxg4 24. Nxg4 Bxc3 25. Be5 Bxe5 26. Nxe5 Rae8 27. Nd3
Re2 28. Rhe1 Rg2 29. b4 Rf3 30. Re8+ Rf8 31. Rxf8+ Kxf8 32. Rf1+ Kg8 33. Rf2
Rg1+ 34. Kb2 g5 35. Kc3 h5 36. Kd4 h4 37. Ke5 Kg7 38. Kf5 Kh6 39. Ne5 Kh5 40.
h3 Rg3 41. Rf3 Rg2 42. Ng4 d4 43. Rd3 Rg3 44. Nf6+ Kh6 45. Ne4 Rg1 46. Rxd4
Rf1+ 47. Ke5 Rf3 48. Rd3 Rf1 49. a4 Kh5 50. a5 g4 51. Nf6+ Rxf6 52. Kxf6 gxh3
53. Kf5 1-0